000
00280nam a2200109Ia 4500
008
221009s9999 xx 000 0 und d
082
_a
823/JOY
100
_a
Joyce,James
_9
81183
245
2
_a
A Portrait of The Artist As A Young Man
260
_b
Sudesh Sahitya Mandal
942
_c
BK
999
_c
64964
_d
64964